| 000 | 00498nam a2200157 i 4500 | ||
|---|---|---|---|
| 001 | 142927 | ||
| 003 | ES-MaACL | ||
| 007 | t| | ||
| 008 | 071011s1982 sp ||||1| spa d | ||
| 100 | 1 |
_aVicente de Paúl _cSanto. _9114354 |
|
| 245 | 1 | 0 |
_aObras completas. _n, . Tomo X, _pDocumentos / _cSan Vicente de Paúl ; [tradujo: A. Ortiz García]. |
| 260 |
_aSalamanca : _bSígueme, _c1982. |
||
| 300 |
_a991 p. ; _c22 cm. |
||
| 700 | 1 |
_aOrtiz García, A. _987617 |
|
| 852 |
_aES-MaACL _jL-3868 _bR.104830 |
||
| 999 |
_c142927 _d142927 |
||